000 01079nam a2200289 i 4500
001 000047582
003 DO-SdBNP
005 20240305130643.0
007 ta
008 180703s2017 dr 000 spa d
020 _a9789945907230
040 _aDO-SdBNP
_bspa
_cBNPHU
_erda
082 4 _a972.93052
_bC733n
_222
245 3 _aLa comisión nacionalista y la ocupación americana de 1916 :
_bdocumentos /
_ccompilador, Alejandro Paulino Ramos
264 _aSanto Domingo :
_bArchivo General de la Nación,
_c2017
300 _a457 páginas
_c24 cm.
336 _2rdacontent
_atexto
_btxt
337 _2rdamedia
_asin mediación
_bn
338 _2rdacarrier
_avolumen
_bnc
500 _aIncluye datos biográficos del autor en la solapa de la cubierta
500 _aIncluye notas al pie de las páginas
590 _aInventariado,2018/DG
651 4 _aRepública Dominicana
_xHistoria
_yOcupación norte americana, 1916-1924
_983822
700 1 _aPaulino Ramos, Alejandro,
_d1951-
_ecompilador
_9325
910 _aDG. Validado. Control de calidad MFF
942 _2ddc
_cLBS1
999 _c47070
_d47070